[Event "DVM U20 2009"]
[Site "Chemnitz GER"]
[Date "2009.12.29"]
[Round "5"]
[White "Kotainy, Jens"]
[Black "Högy, Kevin"]
[Result "1-0"]
[Termination "normal"]
[Board "1.1"]
[WhiteElo "2243"]
[BlackElo "2145"]
[WhiteTeam "Schachgesellschaft Bochum 1931"]
[BlackTeam "Sfr.Neuberg"]
[PlyCount "79"]
[WhiteFideId "24670499"]
[BlackFideId "24647098"]
[EventCountry "GER"]
[EventRounds "7"]
[EventType "team-swiss"]
[EventDate "2009.12.26"]

1. e4 e5 2. Bc4 Nf6 3. d4 exd4 4. Nf3 Nxe4 5. Qxd4 Nf6 6. Nc3 c6 7. Bg5 d5 8.
O-O-O Be6 9. Rhe1 Be7 10. Qh4 Nbd7 11. Bd3 Nc5 12. Nd4 Ng8 13. Bxe7 Nxe7 14. f4
Nxd3+ 15. Rxd3 O-O 16. Nxe6 fxe6 17. Rxe6 Ng6 18. Qxd8 Raxd8 19. g3 Rfe8 20.
Rde3 Rxe6 21. Rxe6 Kf7 22. Re1 Kf6 23. Nd1 h5 24. Nf2 Rd6 25. Nd3 b6 26. Re8
Re6 27. Rc8 Kf5 28. Rc7 Ne7 29. Ne5 g5 30. Nf3 c5 31. Nxg5 Re3 32. Kd2 d4 33.
Rxa7 h4 34. c3 hxg3 35. hxg3 Nc6 36. Rc7 Ne5 37. fxe5 Kxg5 38. cxd4 cxd4 39.
Rd7 Rxg3 40. Rg7+ 1-0

[Event "DVM U20 2009"]
[Site "Chemnitz GER"]
[Date "2009.12.29"]
[Round "5"]
[White "Knickel, Aaron"]
[Black "Pilat, Daniel"]
[Result "1-0"]
[Termination "normal"]
[Board "1.2"]
[WhiteElo "2111"]
[BlackElo "2174"]
[WhiteTeam "Sfr.Neuberg"]
[BlackTeam "Schachgesellschaft Bochum 1931"]
[PlyCount "87"]
[WhiteFideId "24605298"]
[BlackFideId "24602116"]
[EventCountry "GER"]
[EventRounds "7"]
[EventType "team-swiss"]
[EventDate "2009.12.26"]

1. g3 d5 2. Bg2 Nf6 3. d3 c6 4. Nd2 Bg4 5. Ngf3 Nbd7 6. e4 dxe4 7. dxe4 e5 8.
Qe2 Qc7 9. c3 Be7 10. O-O O-O 11. h3 Bxf3 12. Qxf3 Nc5 13. Re1 Rad8 14. Bf1 Rd7
15. b4 Na4 16. Nc4 Rfd8 17. Nb2 Nxb2 18. Bxb2 c5 19. b5 c4 20. Bc1 Ne8 21. Qe2
Rd3 22. Qc2 Qd7 23. Be3 Nf6 24. Bxa7 Qe6 25. Bxd3 cxd3 26. Qd1 b6 27. Kg2 Bc5
28. a4 Qd7 29. Bxb6 Bxb6 30. a5 Bc5 31. b6 d2 32. Re2 Qd3 33. f3 Qxc3 34. Ra2
Bb4 35. a6 Qc6 36. b7 Ne8 37. Rexd2 Bxd2 38. Rxd2 Rb8 39. a7 Qxb7 40. axb8=Q
Qxb8 41. Rd8 Qb2+ 42. Kh1 Qb5 43. Qd3 Qc6 44. Qc4 1-0

[Event "DVM U20 2009"]
[Site "Chemnitz GER"]
[Date "2009.12.29"]
[Round "5"]
[White "Werthebach, Felix"]
[Black "Seifert, Christopher"]
[Result "0-1"]
[Termination "normal"]
[Board "1.3"]
[WhiteElo "2167"]
[BlackElo "2109"]
[WhiteTeam "Schachgesellschaft Bochum 1931"]
[BlackTeam "Sfr.Neuberg"]
[PlyCount "126"]
[WhiteFideId "24609684"]
[BlackFideId "24615293"]
[EventCountry "GER"]
[EventRounds "7"]
[EventType "team-swiss"]
[EventDate "2009.12.26"]

1. Nf3 c5 2. g3 d5 3. Bg2 Nc6 4. O-O e5 5. d3 Nf6 6. Nbd2 Be7 7. e4 O-O 8. c3
b6 9. Re1 d4 10. c4 Ne8 11. h3 Be6 12. Kh2 Nd6 13. Nf1 b5 14. b3 f6 15. g4 Qc7
16. Ng3 Rfb8 17. Kh1 Rb6 18. g5 Nf7 19. gxf6 Bxf6 20. Nh2 Qd7 21. Nh5 Bh4 22.
Rg1 Kh8 23. f4 g6 24. f5 gxf5 25. exf5 Bxf5 26. cxb5 Rxb5 27. Qf3 Rc8 28. Bd2
Ng5 29. Qe2 Nxh3 30. Bxh3 Bxh3 31. Qe4 Bf2 32. Rg7 Qf5 33. Qxf5 Bxf5 34. Rf1
Bg6 35. Rxf2 Bxh5 36. Bh6 Rbb8 37. Rf5 Bg6 38. Rf6 e4 39. Rd7 Ne5 40. Re7 Re8
41. Rfe6 Rxe7 42. Rxe7 Nf7 43. Bf4 exd3 44. Ng4 Rb7 45. Re8+ Kg7 46. Kg1 h5 47.
Ne5 Nxe5 48. Rxe5 Rf7 49. Bd2 Rf5 50. Re6 Bf7 51. Re4 Kf6 52. Rh4 Re5 53. Rf4+
Ke6 54. Kf1 Rf5 55. Ke1 Rxf4 56. Bxf4 Kd5 57. Kd2 Bg6 58. Bg5 a6 59. Ke1 a5 60.
Bd2 a4 61. bxa4 c4 62. Bg5 c3 63. Be7 Be8 0-1

[Event "DVM U20 2009"]
[Site "Chemnitz GER"]
[Date "2009.12.29"]
[Round "5"]
[White "Hummel, Dennis"]
[Black "Mazarov, Jürgen"]
[Result "1-0"]
[Termination "normal"]
[Board "1.4"]
[WhiteElo "2031"]
[BlackElo "2185"]
[WhiteTeam "Sfr.Neuberg"]
[BlackTeam "Schachgesellschaft Bochum 1931"]
[PlyCount "109"]
[WhiteFideId "4638336"]
[BlackFideId "24617768"]
[EventCountry "GER"]
[EventRounds "7"]
[EventType "team-swiss"]
[EventDate "2009.12.26"]

1. e4 c5 2. Nc3 a6 3. g3 b5 4. Bg2 Bb7 5. d3 e6 6. Nh3 b4 7. Ne2 d5 8. O-O dxe4
9. dxe4 Qxd1 10. Rxd1 Nf6 11. e5 Bxg2 12. Kxg2 Nd5 13. c4 bxc3 14. Nxc3 Nxc3
15. bxc3 Nc6 16. Rb1 Nxe5 17. Rb7 c4 18. f4 Nd3 19. Nf2 Nxf2 20. Kxf2 Bc5+ 21.
Be3 Bxe3+ 22. Kxe3 O-O 23. Rdd7 g6 24. Kd4 Rab8 25. Kxc4 h6 26. Kb4 g5 27. c4
gxf4 28. gxf4 Rbc8 29. c5 Kg7 30. Rd6 a5+ 31. Kb5 Kg6 32. c6 Kf5 33. Rd2 Kxf4
34. Rxf7+ Rxf7 35. Rf2+ Ke3 36. Rxf7 e5 37. Kb6 e4 38. Kb7 Re8 39. c7 Kd2 40.
c8=Q Rxc8 41. Kxc8 e3 42. a4 h5 43. h4 e2 44. Rd7+ Kc2 45. Re7 Kd2 46. Kb7 e1=Q
47. Rxe1 Kxe1 48. Kb6 Kf2 49. Kxa5 Kg3 50. Kb4 Kxh4 51. a5 Kg3 52. a6 h4 53. a7
h3 54. a8=Q Kh2 55. Qf3 1-0

[Event "DVM U20 2009"]
[Site "Chemnitz GER"]
[Date "2009.12.29"]
[Round "5"]
[White "Hobusch, Alexander"]
[Black "Iwanziw, Niklas"]
[Result "1/2-1/2"]
[Termination "normal"]
[Board "1.5"]
[WhiteElo "2128"]
[BlackElo "1902"]
[WhiteTeam "Schachgesellschaft Bochum 1931"]
[BlackTeam "Sfr.Neuberg"]
[PlyCount "133"]
[WhiteFideId "24611387"]
[BlackFideId "24647101"]
[EventCountry "GER"]
[EventRounds "7"]
[EventType "team-swiss"]
[EventDate "2009.12.26"]

1. d4 d5 2. Nf3 Nf6 3. c4 c6 4. cxd5 cxd5 5. Nc3 Nc6 6. Bf4 a6 7. Rc1 e6 8. e3
Be7 9. Bd3 O-O 10. O-O Bd7 11. Ne5 Rc8 12. Nxd7 Qxd7 13. Na4 Nb4 14. Rxc8 Qxc8
15. Bb1 b5 16. Nc3 Nc6 17. Qd3 Qb7 18. f3 Nb4 19. Qd2 Nh5 20. Bg3 Nxg3 21. hxg3
Bd6 22. Ne2 Nc6 23. Kf2 g6 24. Rh1 a5 25. Nc3 b4 26. Na4 b3 27. Rc1 bxa2 28.
Bxa2 Nb4 29. Bb1 Rc8 30. Rxc8+ Qxc8 31. Qc3 Qb8 32. f4 Qb5 33. b3 Qc6 34. Ke2
Kf8 35. Qxc6 Nxc6 36. g4 h6 37. f5 g5 38. fxe6 fxe6 39. Kd3 Ke7 40. Nc3 Bc7 41.
e4 Nb4+ 42. Ke2 dxe4 43. Bxe4 Bf4 44. Nb5 Kd7 45. Kd1 Kd8 46. Ke2 Kd7 47. Na3
Bc7 48. Kd2 Nd5 49. Bxd5 exd5 50. Kc3 Kc6 51. Nc2 Bf4 52. Ne1 Bd6 53. Nc2 Bf4
54. Ne1 Bd6 55. Nd3 Kb5 56. Nc1 Kc6 57. Nd3 Kb5 58. Ne5 Be7 59. Nf7 Bf8 60. Nh8
Kc6 61. Ng6 Bd6 62. Ne5+ Kb5 63. Nf7 Bf8 64. Ne5 Be7 65. Nf7 Bf8 66. Nd8 Be7
67. Ne6 1/2-1/2

[Event "DVM U20 2009"]
[Site "Chemnitz GER"]
[Date "2009.12.29"]
[Round "5"]
[White "Bluhm, Achim"]
[Black "Tkachuk, Konstantyn"]
[Result "1/2-1/2"]
[Termination "normal"]
[Board "1.6"]
[WhiteElo "1958"]
[BlackElo "2156"]
[WhiteTeam "Sfr.Neuberg"]
[BlackTeam "Schachgesellschaft Bochum 1931"]
[PlyCount "35"]
[WhiteFideId "1270565"]
[BlackFideId "24647330"]
[EventCountry "GER"]
[EventRounds "7"]
[EventType "team-swiss"]
[EventDate "2009.12.26"]

1. d4 Nf6 2. Nf3 g6 3. Nc3 d5 4. Bf4 Bg7 5. e3 O-O 6. Be2 b6 7. Ne5 Bb7 8. h4
Nfd7 9. Ng4 h5 10. Ne5 Nxe5 11. Bxe5 f6 12. Bh2 e5 13. Qd2 exd4 14. exd4 f5 15.
O-O-O Nc6 16. Qf4 Rc8 17. Kb1 Ne7 18. Nb5 1/2-1/2

[Event "DVM U20 2009"]
[Site "Chemnitz GER"]
[Date "2009.12.29"]
[Round "5"]
[White "Zelbel, Patrick"]
[Black "Huschenbeth, Niclas"]
[Result "1/2-1/2"]
[Termination "normal"]
[Board "2.1"]
[WhiteTitle "FM"]
[BlackTitle "IM"]
[WhiteElo "2346"]
[BlackElo "2411"]
[WhiteTeam "Schachfreunde Brackel 1930 e.V."]
[BlackTeam "Hamburger SK von 1830 eV"]
[PlyCount "85"]
[WhiteFideId "24624322"]
[BlackFideId "24604747"]
[EventCountry "GER"]
[EventRounds "7"]
[EventType "team-swiss"]
[EventDate "2009.12.26"]

1. e4 e5 2. f4 Bc5 3. Nf3 d6 4. c3 Nf6 5. d4 exd4 6. cxd4 Bb6 7. e5 dxe5 8.
fxe5 Nd5 9. Nc3 h6 10. Bd3 Nc6 11. Be4 Be6 12. O-O g5 13. Na4 g4 14. Nxb6 Nxb6
15. Bxc6+ bxc6 16. Ne1 h5 17. Be3 h4 18. Rc1 Qd5 19. b3 h3 20. g3 a5 21. Rc5
Qe4 22. Qd3 Qxd3 23. Nxd3 Bd5 24. Rf4 a4 25. Rxg4 axb3 26. axb3 Ra2 27. Bf2 Rd2
28. Ne1 Kd7 29. Rc3 Ra8 30. Rf4 Ra1 31. g4 Bg2 32. Rxf7+ Ke8 33. Rh7 Re2 34.
Rh8+ Kf7 35. Rhxh3 Bxh3 36. Rxh3 Raxe1+ 37. Bxe1 Rxe1+ 38. Kf2 Rc1 39. Rh7+ Kg6
40. Rxc7 Nd5 41. Rd7 Kg5 42. Rf7 Rc2+ 43. Kg3 1/2-1/2

[Event "DVM U20 2009"]
[Site "Chemnitz GER"]
[Date "2009.12.29"]
[Round "5"]
[White "Carlstedt, Jonathan"]
[Black "Strathoff, Jens"]
[Result "1/2-1/2"]
[Termination "normal"]
[Board "2.2"]
[WhiteElo "2339"]
[BlackElo "2075"]
[WhiteTeam "Hamburger SK von 1830 eV"]
[BlackTeam "Schachfreunde Brackel 1930 e.V."]
[PlyCount "146"]
[WhiteFideId "24614386"]
[BlackFideId "4699084"]
[EventCountry "GER"]
[EventRounds "7"]
[EventType "team-swiss"]
[EventDate "2009.12.26"]

1. c4 c6 2. g3 d5 3. Nf3 Nf6 4. Bg2 dxc4 5. O-O Nbd7 6. Qc2 Nb6 7. a4 a5 8. Na3
Qd5 9. Ne1 Bf5 10. Bxd5 Bxc2 11. Bxc6+ bxc6 12. Naxc2 g6 13. Nd4 Rc8 14. d3 Bg7
15. dxc4 Nxc4 16. Nd3 Ne4 17. Nc2 O-O 18. Ne3 Ned6 19. Rb1 Nxe3 20. Bxe3 Nc4
21. Rfc1 Nxe3 22. fxe3 Rc7 23. Rc5 Ra8 24. Rbc1 Ra6 25. Kf2 e6 26. R1c2 Bf8 27.
R5c4 f6 28. Kf3 Kf7 29. Ke4 Bd6 30. Kf3 Rb6 31. Rd2 g5 32. h4 h6 33. Rd4 Be7
34. e4 Rb3 35. e3 Kg6 36. hxg5 hxg5 37. e5 c5 38. Rc4 f5 39. Nc1 Rb8 40. Rdc2
Rd7 41. e4 Rh8 42. exf5+ exf5 43. Ne2 Rd3+ 44. Kg2 Re3 45. R4c3 Rxe5 46. Rb3
Re4 47. Rb6+ Kf7 48. Rb7 Rc8 49. Ra7 Rxa4 50. Nc3 Rd4 51. Re2 Re8 52. Nb5 Rd3
53. b3 f4 54. gxf4 gxf4 55. Re4 f3+ 56. Kf2 Kf6 57. Rxa5 Red8 58. Ra6+ Bd6 59.
Rf4+ Kg5 60. Rxf3 Rxf3+ 61. Kxf3 Bh2 62. Rc6 Bg1 63. Nd6 Rb8 64. Ne4+ Kf5 65.
Nxc5 Bxc5 66. Rxc5+ Ke6 67. Rc3 Kd5 68. Ke3 Rh8 69. Kd2 Rh2+ 70. Kc1 Kd4 71.
Rc8 Rg2 72. b4 Kd5 73. b5 Rg6 1/2-1/2

[Event "DVM U20 2009"]
[Site "Chemnitz GER"]
[Date "2009.12.29"]
[Round "5"]
[White "Kartsev, Alexandr"]
[Black "Bracker, Frank"]
[Result "0-1"]
[Termination "normal"]
[Board "2.3"]
[WhiteElo "2056"]
[BlackElo "2270"]
[WhiteTeam "Schachfreunde Brackel 1930 e.V."]
[BlackTeam "Hamburger SK von 1830 eV"]
[PlyCount "108"]
[WhiteFideId "24647110"]
[BlackFideId "24614343"]
[EventCountry "GER"]
[EventRounds "7"]
[EventType "team-swiss"]
[EventDate "2009.12.26"]

1. d4 Nf6 2. Bg5 c5 3. Bxf6 gxf6 4. dxc5 e6 5. Nd2 Qa5 6. c3 Qxc5 7. Ngf3 Be7
8. e4 b6 9. Bd3 Bb7 10. Qe2 a6 11. O-O-O d6 12. Nb3 Qc7 13. Nfd4 h5 14. Kb1 Nd7
15. f4 Nc5 16. Rhe1 O-O-O 17. f5 Nxd3 18. Rxd3 Qd7 19. Rh3 h4 20. fxe6 fxe6 21.
Qc4+ Kb8 22. Qxe6 Qxe6 23. Nxe6 Rdg8 24. Nf4 Rg4 25. g3 Bc8 26. Nd5 Bd8 27. Nd4
Kb7 28. Rxh4 Rhxh4 29. gxh4 Rxh4 30. Rg1 Bg4 31. h3 Bxh3 32. Rg7+ Kc8 33. Rg8
Rxe4 34. Nxb6+ Kc7 35. Nd5+ Kd7 36. Rg7+ Kc8 37. Ra7 Bg2 38. Kc2 Rxd4 39. cxd4
Bxd5 40. Rxa6 Bc7 41. Ra3 Bb6 42. Kd3 Kb7 43. Kd2 Kc6 44. Ke3 Kb5 45. Kd3 Ba5
46. Ke3 f5 47. Kf4 Be4 48. Ke3 Bd8 49. Kf4 Bf6 50. d5 Be5+ 51. Ke3 Bxd5 52. Ra7
f4+ 53. Kf2 Bd4+ 54. Ke1 Bxa7 0-1

[Event "DVM U20 2009"]
[Site "Chemnitz GER"]
[Date "2009.12.29"]
[Round "5"]
[White "Bracker, Arne"]
[Black "Strathoff, Martin"]
[Result "1/2-1/2"]
[Termination "normal"]
[Board "2.4"]
[WhiteElo "2219"]
[BlackElo "2047"]
[WhiteTeam "Hamburger SK von 1830 eV"]
[BlackTeam "Schachfreunde Brackel 1930 e.V."]
[PlyCount "97"]
[WhiteFideId "24618160"]
[BlackFideId "24609560"]
[EventCountry "GER"]
[EventRounds "7"]
[EventType "team-swiss"]
[EventDate "2009.12.26"]

1. d4 d5 2. c4 e6 3. Nf3 Nf6 4. Nc3 Be7 5. Bf4 O-O 6. e3 c6 7. Qb3 Nbd7 8. Rd1
Nh5 9. Be5 f6 10. Bg3 Nxg3 11. hxg3 f5 12. Bd3 Nf6 13. Ne5 Ne4 14. cxd5 cxd5
15. g4 g6 16. gxf5 gxf5 17. g3 Bf6 18. f3 Nxg3 19. Rg1 Kh8 20. Rxg3 Bh4 21. Kf2
Bxg3+ 22. Kxg3 Rg8+ 23. Ng4 Qc7+ 24. Kf2 fxg4 25. Rh1 g3+ 26. Kg2 Rg7 27. Ne2
Bd7 28. Nf4 Qa5 29. Qd1 Qxa2 30. Bxh7 Qxb2+ 31. Bc2+ Kg8 32. Qe2 Qc3 33. Nh5
Bb5 34. Bh7+ Kf8 35. Qxb5 Qd2+ 36. Kh3 Rxh7 37. Qc5+ Re7 38. Nf4 Kf7 39. Nxd5
exd5 40. Qxd5+ Kg7 41. Qg5+ Kf8 42. Qf6+ Ke8 43. Kxg3 Kd7 44. Qf5+ Kc7 45. Qc5+
Kd7 46. Qd5+ Kc7 47. Qc5+ Kd7 48. Qf5+ Kc7 49. Qc5+ 1/2-1/2

[Event "DVM U20 2009"]
[Site "Chemnitz GER"]
[Date "2009.12.29"]
[Round "5"]
[White "Zemella, Christian"]
[Black "Lampert, Jonas"]
[Result "1/2-1/2"]
[Termination "normal"]
[Board "2.5"]
[WhiteElo "2081"]
[BlackElo "2111"]
[WhiteTeam "Schachfreunde Brackel 1930 e.V."]
[BlackTeam "Hamburger SK von 1830 eV"]
[PlyCount "112"]
[WhiteFideId "24620580"]
[BlackFideId "1303759"]
[EventCountry "GER"]
[EventRounds "7"]
[EventType "team-swiss"]
[EventDate "2009.12.26"]

1. e4 c5 2. Nf3 d6 3. d4 cxd4 4. Nxd4 Nf6 5. Nc3 a6 6. Rg1 b5 7. g4 Bb7 8. f3
e6 9. g5 Nfd7 10. Be3 Nb6 11. Qd2 b4 12. Nce2 Nc4 13. Qxb4 Nxe3 14. Qxb7 Nd7
15. Kf2 Nxf1 16. Raxf1 Qc8 17. Qxc8+ Rxc8 18. f4 e5 19. Nf5 Rxc2 20. Rc1 Rxc1
21. Rxc1 Nc5 22. Ke3 g6 23. Nh6 Bxh6 24. gxh6 exf4+ 25. Nxf4 Kd8 26. b4 Nd7 27.
Rc6 Ne5 28. Rxa6 Kc7 29. Nd5+ Kb7 30. b5 Rc8 31. Rb6+ Ka7 32. Ra6+ Kb7 33. a4
Rc2 34. a5 Rxh2 35. Kf4 Rf2+ 36. Kg5 f6+ 37. Kh4 Rf3 38. Rb6+ Ka7 39. Ra6+ Kb7
40. Rb6+ Kc8 41. Nxf6 Rxf6 42. a6 Rf4+ 43. Kg3 Rf3+ 44. Kg2 Ra3 45. Rxd6 Nf7
46. Rc6+ Kb8 47. Rb6+ Ka8 48. Rb7 Nxh6 49. Rxh7 Ng4 50. Rg7 Ne5 51. Re7 Nc4 52.
e5 Rb3 53. Re8+ Ka7 54. Re7+ Ka8 55. Re8+ Ka7 56. Re7+ Ka8 1/2-1/2

[Event "DVM U20 2009"]
[Site "Chemnitz GER"]
[Date "2009.12.29"]
[Round "5"]
[White "Dalakian, Haroutioun"]
[Black "Haidar, Marcel"]
[Result "1-0"]
[Termination "normal"]
[Board "2.6"]
[WhiteElo "2145"]
[BlackElo "1828"]
[WhiteTeam "Hamburger SK von 1830 eV"]
[BlackTeam "Schachfreunde Brackel 1930 e.V."]
[PlyCount "65"]
[WhiteFideId "24632058"]
[EventCountry "GER"]
[EventRounds "7"]
[EventType "team-swiss"]
[EventDate "2009.12.26"]

1. Nf3 d5 2. d4 c6 3. c4 e6 4. e3 Bd6 5. b3 Qe7 6. Bb2 f5 7. Bd3 Nf6 8. O-O O-O
9. Qc1 b6 10. Ba3 Ba6 11. Bxd6 Qxd6 12. Qb2 dxc4 13. bxc4 Nd5 14. Rd1 Qb4 15.
Qc2 Ne7 16. Nbd2 Qd6 17. e4 Qf4 18. Re1 Nd7 19. exf5 Nxf5 20. Re4 Qh6 21. Rae1
Rf6 22. R4e2 Nd6 23. Ne5 Nf8 24. Ng4 Qh4 25. Nxf6+ gxf6 26. Ne4 Nf5 27. Qc3 Kf7
28. d5 cxd5 29. cxd5 Bxd3 30. Qxd3 Rd8 31. g3 Qg4 32. Qc4 exd5 33. Nd6+ 1-0

[Event "DVM U20 2009"]
[Site "Chemnitz GER"]
[Date "2009.12.29"]
[Round "5"]
[White "Schneider, David"]
[Black "Fox, Jonas"]
[Result "1-0"]
[Termination "normal"]
[Board "3.2"]
[WhiteElo "2273"]
[BlackElo "2031"]
[WhiteTeam "FSV Großenseebach"]
[BlackTeam "Brackweder SK von 1924"]
[PlyCount "83"]
[WhiteFideId "4697111"]
[BlackFideId "24667056"]
[EventCountry "GER"]
[EventRounds "7"]
[EventType "team-swiss"]
[EventDate "2009.12.26"]

1. e4 e6 2. d4 d5 3. e5 c5 4. c3 Nc6 5. Nf3 Qb6 6. a3 f6 7. b4 fxe5 8. dxe5 Nh6
9. Bd3 g6 10. Qe2 Qc7 11. Bf4 Bg7 12. b5 Ne7 13. c4 O-O 14. Bxh6 Bxh6 15. O-O
b6 16. Nbd2 Bb7 17. h4 Bg7 18. Rfe1 Nf5 19. h5 Qe7 20. hxg6 hxg6 21. a4 Rf7 22.
a5 Raf8 23. axb6 axb6 24. Rf1 Kh7 25. Ra7 dxc4 26. Be4 Rb8 27. Rxb7 Rxb7 28.
Bxb7 Qxb7 29. Ng5+ Kg8 30. Nxf7 Kxf7 31. Nxc4 Qc7 32. Qe4 Bf8 33. Qf3 Kg8 34.
Qg4 Qh7 35. Ra1 Nd4 36. Nxb6 Nxb5 37. Qxe6+ Qf7 38. Qxf7+ Kxf7 39. Nd7 c4 40.
Nxf8 Kxf8 41. Ra5 Nd4 42. Ra4 1-0

[Event "DVM U20 2009"]
[Site "Chemnitz GER"]
[Date "2009.12.29"]
[Round "5"]
[White "Ehrlich, Tim"]
[Black "Linsenmeyer, Mario"]
[Result "1/2-1/2"]
[Termination "normal"]
[Board "3.3"]
[WhiteElo "1977"]
[BlackElo "2097"]
[WhiteTeam "Brackweder SK von 1924"]
[BlackTeam "FSV Großenseebach"]
[PlyCount "72"]
[WhiteFideId "24666548"]
[BlackFideId "24635138"]
[EventCountry "GER"]
[EventRounds "7"]
[EventType "team-swiss"]
[EventDate "2009.12.26"]

1. d4 Nf6 2. Bg5 e6 3. e4 h6 4. Bxf6 Qxf6 5. c3 c5 6. Nf3 d5 7. Bb5+ Bd7 8.
Bxd7+ Nxd7 9. exd5 exd5 10. O-O Be7 11. dxc5 Nxc5 12. Qxd5 Rd8 13. Qc4 O-O 14.
Nbd2 Nd3 15. Rab1 Bc5 16. Nb3 Bb6 17. Qg4 Rfe8 18. Nbd4 Rd5 19. Rfd1 Bxd4 20.
cxd4 h5 21. Qg3 Nf4 22. Kh1 Ne2 23. Qc7 Re7 24. Qc4 Rf5 25. Re1 Rxf3 26. Rxe2
Rxe2 27. Qxe2 Rxf2 28. Qe8+ Kh7 29. Qb5 g6 30. h3 Qxd4 31. Qxb7 a5 32. b3 Kg7
33. a4 Qd3 34. Re1 h4 35. Qb6 Qg3 36. Rg1 Rf5 1/2-1/2

[Event "DVM U20 2009"]
[Site "Chemnitz GER"]
[Date "2009.12.29"]
[Round "5"]
[White "Quaschner, Tobias"]
[Black "Rücker, Bastian"]
[Result "1-0"]
[Termination "normal"]
[Board "3.4"]
[WhiteElo "1962"]
[BlackElo "1875"]
[WhiteTeam "FSV Großenseebach"]
[BlackTeam "Brackweder SK von 1924"]
[PlyCount "59"]
[WhiteFideId "24646989"]
[BlackFideId "24682381"]
[EventCountry "GER"]
[EventRounds "7"]
[EventType "team-swiss"]
[EventDate "2009.12.26"]

1. e4 c5 2. Nc3 d6 3. d3 g6 4. Be3 Bg7 5. f4 Nc6 6. Nf3 e6 7. Qd2 Nge7 8. g4 f5
9. gxf5 exf5 10. O-O-O Qa5 11. a3 Bxc3 12. Qxc3 Qxc3 13. bxc3 fxe4 14. dxe4 Bg4
15. Be2 O-O-O 16. h3 Bxf3 17. Bxf3 Kc7 18. Bg4 Rhf8 19. Rhf1 b6 20. c4 Na5 21.
Be6 Rf6 22. f5 gxf5 23. exf5 h6 24. Bd2 Nac6 25. Be1 Rff8 26. c3 Ng8 27. Rg1
Nce7 28. Rg7 Kb8 29. Bh4 Rde8 30. Rf1 1-0

[Event "DVM U20 2009"]
[Site "Chemnitz GER"]
[Date "2009.12.29"]
[Round "5"]
[White "Spisla, Dominik"]
[Black "Kirch, Daniel"]
[Result "1-0"]
[Termination "normal"]
[Board "3.5"]
[WhiteElo "1807"]
[BlackElo "2050"]
[WhiteTeam "Brackweder SK von 1924"]
[BlackTeam "FSV Großenseebach"]
[PlyCount "125"]
[WhiteFideId "24676306"]
[BlackFideId "24605786"]
[EventCountry "GER"]
[EventRounds "7"]
[EventType "team-swiss"]
[EventDate "2009.12.26"]

1. d4 Nf6 2. Nc3 d5 3. Bg5 Nbd7 4. f3 h6 5. Bh4 c5 6. e4 dxe4 7. fxe4 cxd4 8.
Qxd4 e5 9. Qa4 Be7 10. Bxf6 Bxf6 11. O-O-O a6 12. Nf3 Rb8 13. Nd5 O-O 14. Qb4
b5 15. Qd6 Re8 16. g3 Re6 17. Qa3 Bg5+ 18. Nxg5 Qxg5+ 19. Qe3 Qxe3+ 20. Nxe3
Nf6 21. Rd8+ Re8 22. Rxe8+ Nxe8 23. Nd5 Bg4 24. Bd3 Rd8 25. Re1 Rd6 26. Kd2 Nf6
27. Nxf6+ Rxf6 28. Rf1 Rd6 29. Ke3 Kf8 30. Be2 Be6 31. a3 Ke7 32. Rd1 Rc6 33.
Rd2 Rc5 34. a4 Bd7 35. axb5 axb5 36. c3 Be6 37. Rc2 Bc4 38. b4 Rc7 39. Bxc4
Rxc4 40. Kd3 Ke6 41. Ra2 Rc6 42. Ra5 Rb6 43. Ra7 g6 44. g4 h5 45. g5 Rc6 46.
Rb7 Rd6+ 47. Kc2 Ra6 48. Kb3 Ra1 49. Rxb5 Rh1 50. c4 Rxh2 51. c5 Kd7 52. Rb7+
Ke6 53. b5 h4 54. c6 h3 55. Rxf7 Kxf7 56. c7 Rc2 57. Kxc2 h2 58. c8=Q h1=Q 59.
Qd7+ Kg8 60. Qe8+ Kh7 61. Qf7+ Kh8 62. Qf8+ Kh7 63. Qh6+ 1-0

[Event "DVM U20 2009"]
[Site "Chemnitz GER"]
[Date "2009.12.29"]
[Round "5"]
[White "Kirch, Florian"]
[Black "Olyschläger, Richard"]
[Result "1-0"]
[Termination "normal"]
[Board "3.6"]
[WhiteElo "1989"]
[BlackElo "1942"]
[WhiteTeam "FSV Großenseebach"]
[BlackTeam "Brackweder SK von 1924"]
[PlyCount "85"]
[WhiteFideId "24605794"]
[BlackFideId "24630209"]
[EventCountry "GER"]
[EventRounds "7"]
[EventType "team-swiss"]
[EventDate "2009.12.26"]

1. d4 g6 2. c4 Bg7 3. Nc3 d6 4. Nf3 Nd7 5. e4 e6 6. Be2 Ne7 7. Be3 h6 8. O-O
O-O 9. d5 e5 10. Nd2 f5 11. f3 Nf6 12. c5 f4 13. Bf2 g5 14. Nc4 Rf7 15. cxd6
cxd6 16. Nb5 Ne8 17. Nxa7 Bf8 18. Bb6 Qd7 19. Na5 Ng6 20. Rc1 Rxa7 21. Bxa7 Nf6
22. Qc2 Ne7 23. a4 Qe8 24. Bb5 Bd7 25. Bxd7 Qxd7 26. b3 Rg7 27. Qc7 Qe8 28. Qb8
Qg6 29. Qxd6 g4 30. fxg4 Qxg4 31. Qe6+ Qxe6 32. dxe6 Nxe4 33. Rc7 Rg6 34. Rxb7
Rxe6 35. Nc4 Nf5 36. a5 Rg6 37. Re1 Ng5 38. Nxe5 Rd6 39. Bc5 Rd2 40. Bxf8 Nh4
41. Bxh6 Rxg2+ 42. Kh1 Nh3 43. Nd3 1-0

[Event "DVM U20 2009"]
[Site "Chemnitz GER"]
[Date "2009.12.29"]
[Round "5"]
[White "Billing, Christian"]
[Black "Kulke, Tobias"]
[Result "1-0"]
[Termination "normal"]
[Board "4.1"]
[WhiteElo "2226"]
[BlackElo "2144"]
[WhiteTeam "SC Dillingen"]
[BlackTeam "USG Chemnitz"]
[PlyCount "59"]
[WhiteFideId "4697294"]
[BlackFideId "24607703"]
[EventCountry "GER"]
[EventRounds "7"]
[EventType "team-swiss"]
[EventDate "2009.12.26"]

1. Nf3 c5 2. g3 b6 3. Bg2 Bb7 4. O-O e6 5. d3 f5 6. e4 fxe4 7. Ng5 Be7 8. Nxe4
d5 9. Qh5+ Kf8 10. Ng5 Bxg5 11. Bxg5 Nf6 12. Qh4 Nbd7 13. Nc3 a6 14. Rae1 Kf7
15. Re2 Re8 16. Rfe1 Nf8 17. f4 h6 18. Bxf6 Qxf6 19. Qh5+ Qg6 20. Qe5 Rac8 21.
f5 Qf6 22. fxe6+ Rxe6 23. Qh5+ Kg8 24. Nxd5 Qd4+ 25. Kh1 Rxe2 26. Rxe2 Kh8 27.
Ne7 Bxg2+ 28. Kxg2 Ra8 29. Qf7 Nd7 30. Nf5 1-0

[Event "DVM U20 2009"]
[Site "Chemnitz GER"]
[Date "2009.12.29"]
[Round "5"]
[White "Eidner, Falk"]
[Black "Nuber, Blasius"]
[Result "0-1"]
[Termination "normal"]
[Board "4.2"]
[WhiteElo "1983"]
[BlackElo "2177"]
[WhiteTeam "USG Chemnitz"]
[BlackTeam "SC Dillingen"]
[PlyCount "84"]
[WhiteFideId "24634557"]
[BlackFideId "24620289"]
[EventCountry "GER"]
[EventRounds "7"]
[EventType "team-swiss"]
[EventDate "2009.12.26"]

1. e4 e5 2. Nf3 Nc6 3. Bc4 Nf6 4. d3 Be7 5. c3 O-O 6. O-O d5 7. exd5 Nxd5 8.
Re1 Bf6 9. Nbd2 a6 10. Ne4 Nb6 11. Bb3 Bg4 12. Be3 Nd5 13. Nxf6+ Nxf6 14. Bg5
h6 15. Bh4 Re8 16. h3 Bh5 17. Qe2 Qd6 18. Bg3 Qd7 19. Rad1 Rad8 20. Qe3 Qf5 21.
Nh4 Qh7 22. Rd2 g5 23. Nf3 Nd5 24. Bxd5 Rxd5 25. Qe4 Bxf3 26. Qxf3 Red8 27. Qe2
Rxd3 28. Rxd3 Qxd3 29. Qxd3 Rxd3 30. Bxe5 Nxe5 31. Rxe5 Rd1+ 32. Kh2 Rd2 33. b4
Kf8 34. a4 Rxf2 35. Rc5 c6 36. b5 axb5 37. axb5 Rf6 38. Kg1 Ke7 39. b6 Kd6 40.
Ra5 c5 41. Ra1 Kc6 42. Rb1 c4 0-1